000 00492nim a2200181 i 4500
001 bgj
100 1 _aSOARS, John
245 1 0 _aHeadway upper-intermediate /
_cJohn and Liz Soars.
260 _aOxford :
_bOxford University Press,
_c1992.
300 _aset of two audio cassettes.
650 9 _aEnglish language
655 _aTextbooks for foreigners
700 1 _aSOARS, Liz.
_eco-author
040 _cBPK
041 0 _aeng
942 _cTM
008 s uk f |000 0 eng
999 _c50071
_d50071
856 _uhttp://koha.tu.koszalin.pl/cgi-bin/koha/opac-detail.pl?biblionumber=50071
_yKatalog online BPK